00465nam a2200133Ia 4500008004100000020001800041050001900059100003500078245007900113260003200192300002900224500004000253650003800293120626s9999 xx 000 0 und d a9788497543132 aRJ216 R85 2008 aRUIZ JIMÉNEZ, Miguel Ángel aEl gran libro de la nutrición infantilc / Miguel Ángel Ruiz Jiménez aEspaña b: Oniroc , 2008 a225 páginas c; 23 cm. aincluye: índice y bibliografía  aniños, nutricion y enfermedades